000 00980nam0a22002891 4500
001 v19\rc\1915201
005 20251118180818.2
035 _a(NLR Aleph) 005024252
090 _a6622107
_c6622107
100 _a20080404d1911 u y0rusy50 ca
101 1 _arus
_cpor
102 _aRU
105 _ay z |||a|
200 1 _aКузен Базилио
_eРоман
_eПер. с португ.
_fЭса де Керос
210 _aСанкт-Петербург
_cЖурн. "Вестн. иностр. лит."
_d1911
215 _a318 с.
_d21
700 1 _aЭса де Кейрош
_bЖ.М.
_f1846-1900
_gЖозе Мария
790 1 _aКейрош
_bЖ.М.Э. де
_f1846-1900
_gЖ.М. Эса де
790 1 _aЭса де Керос
_f1846-1900
790 1 _aКерос
_bЭ. де
_f1846-1900
_gЭса де
801 0 _aRU
_bNLR
_gpsbo
801 0 _aRU
_bRuMoRGB
_2psbo
801 1 _aRU
_bProSoft-M
_2rusmarc
852 _aNLR
_j37.34.7.28
899 _aБАН
942 _cBOOK
980 _aNB